Music Quiz

Random Music or Lyrics Quiz

Name Songs By Nicki Minaj (featured/wrote) By Lyrics Quiz Stats

 Plays Quiz not verified by Sporcle

Support Sporcle.
Go Orange.
Score 0/25 Timer 10:00
0 Plays Today
Lyrics Song % Correct
'Justin Beiber, you know Imma hit em with a E-ther'Beauty and a Beat
79.5%
'Can I get salt all around that rim rim rim rim'Bottoms Up
78%
'My name is Onika you can call me Nicki'Starships
65%
'He could ball with the crew, he could solo, but I think I like him better when he dolo'Super Bass
64.5%
'F*cking little ****, f*ckin up my decors, couldnt get Micheal Kors if you was f*ckin Micheal Kors'Dance
49.5%
'I just want you to father my young, I just want you to be my doctor, we can get it crackin chiropractah'Turn Me On
45.5%
'Comin through the club, all my girls in the back of me, this aint football why the f*ck they try to tackle me?'Where Them Girls At
43.5%
'In my space shuttle cause Im not comin down, Im a stereo and shes just so monotone'Check It Out
42%
'I always ride slow when I straddled in, and my sh*ts so wet you gotta paddle in'Make Me Proud
40.5%
'Anyway burn brudale, whats that? I dunno, but Femme Fatale'Till The World Ends
37%
'Worship the queen and you might get past, keep it real even these b*tches couldnt wipe my ass'Roman Holiday
35.5%
'When Im out the country **** call me Neeki, hi how are you, yes its nice to meet me'Y U Mad
34%
'I think I like your style yo, why yo, why dont we let go'Letting Go
32%
Lyrics Song % Correct
'As they disrobed I was oogleling and ahgleling, little did they know that for me they were modeling'The Creep
27%
'Im a street fighta, call me Chung Lee, and Im comin down, like a bum knee'Fireball
24%
'Got my own TV production company, so tell Harpo to hit me Sealy'Raining Me
24%
'3 letters CMB, competition, I dont see any'Take It To The Head
24%
'Press rewind, Einstien, Im lookin for that Einstien, Wales, London, Ireland, Scotland, Iceland, Idoline, South Africa, and Brazil, shut the club down, ring the bell'Automatic
23%
'Wuh, Im Roman, Im a barbarian, Im Conan'Give Me All Your Luvin
22.5%
'Well you gon really need a wish right now when my goons come through and start shootin stars'Outta My Mind
22.5%
'Left from Jamaica going far in cotoure'Woohoo
11%
'You see I really cant relate to your Volvo, and you cant get these shoes outta Aldo'I Dont Give A
11%
'Okay really, okay really, I get money like a b*tch, she aint goin no whurr, but I swear that b*tch a trip'Muthafucka Up
10.5%
'Put me in a ward, psychie, smash more clubs than Tiger Woods wify!'In My Head
8.5%
'Lobsta, sushi rolls, with a side of soy-o sauce, get yo chop sticks cause we dont give a f*ck'Gimmie Money
2.5%

You're not logged in!

Compare scores with friends on all Sporcle quizzes.
OR
Log In

From the Vault

Asian Capital per Letter

by sproutcm

If any capital would like to change their name to something starts with 'X', Sporcle will pay you $50.
Remove Ads.
Support Sporcle.
Get the best of Sporcle when you Go Orange. This ad-free experience offers more features, more stats, and more fun while also helping to support Sporcle. Thank you for becoming a member.

Show Comments

Extras

Top Quizzes Today


Score Distribution

Your Account Isn't Verified!

In order to create a playlist on Sporcle, you need to verify the email address you used during registration. Go to your Sporcle Settings to finish the process.

Report this User

Report this user for behavior that violates our Community Guidelines.

Details: